000
00317nam a22001217a 4500
999
_c
4533
_d
4533
008
250227b ||||| |||| 00| 0 eng d
020
_a
9780241354278
082
_a
823.92 CHA
100
_a
CHAPMAN,LINDA
_e
AUTHOR
245
_a
MY SECRET UNICORN
260
_a
80 STRAND,LONDON WC2R ORL
_b
PUFFIN BOOKS
_c
2018
942
_2
ddc